Variables que intervienen en el diseño de un pavimento

Guardat en:
Dades bibliogràfiques
Autor principal: Berenzon Nowalski, Tobias
Format: Desconegut
Publicat: [San José, Costa Rica] 1974
Matèries:
Etiquetes: Afegir etiqueta
Sense etiquetes, Sigues el primer a etiquetar aquest registre!

MARC

LEADER 00000 a2200000 4500
003 011454
005 20221231143820.0
008 140114s1974 c a m 000 ||s d
040 |c cru CEDI 
090 |a TFG 535 
100 |a Berenzon Nowalski, Tobias  |9 16656 
245 |a Variables que intervienen en el diseño de un pavimento 
260 |c 1974  |a [San José, Costa Rica] 
300 |a  58 hojas : ilustraciones  
500 |a  Tesis (Ingenieria Civil) Universidad de Costa Rica.  
650 |x PAVIMENTOS   |x MECANICA DE SUELOS  |9 15409 
942 |c TFG 
999 |c 12412  |d 12412